[Event "26th Capablanca Memorial"]
[Site "Cienfuegos City CUB"]
[Date "1991.05.??"]
[Round "1"]
[White "Soppe, Guillermo"]
[Black "Murshed, Niaz"]
[Result "1/2-1/2"]
[WhiteElo "2425"]
[BlackElo "2510"]
[EventDate "1991.05.09"]
[PlyCount "40"]

1.d4 d5 2.c4 dxc4 3.Nc3 Nf6 4.e4 e5 5.Nf3 exd4 6.Qxd4 Qxd4 7.Nxd4 Bc5 8.
Ndb5 Na6 9.Bf4 Be6 10.Nxc7+ Nxc7 11.Bxc7 Rc8 12.Bf4 O-O 13.Be2 Bd4 14.Bf3 
Rfd8 15.O-O a6 16.Kh1 h6 17.g4 b5 18.a3 Rd7 19.Bc1 Rb8 20.Nd5 Nxd5 1/2-1/2

[Event "26th Capablanca Memorial"]
[Site "Cienfuegos City CUB"]
[Date "1991.05.??"]
[Round "1"]
[White "Hernandez, Gilberto"]
[Black "Arencibia Rodriguez, Walter"]
[Result "0-1"]
[WhiteElo "2525"]
[BlackElo "2560"]
[EventDate "1991.05.09"]
[PlyCount "106"]

1.e4 e5 2.Nf3 Nc6 3.Bb5 a6 4.Ba4 Nf6 5.O-O Be7 6.Re1 b5 7.Bb3 d6 8.c3 O-O 
9.h3 Nd7 10.d4 Bf6 11.d5 Ne7 12.Nbd2 a5 13.Nf1 Nb6 14.Bc2 c6 15.dxc6 Nxc6 
16.Ne3 Be6 17.Nd5 Bxd5 18.exd5 Na7 19.a4 bxa4 20.Bxa4 g6 21.Bc2 Nb5 22.Bd3
Nc7 23.c4 Nd7 24.Bd2 Na6 25.Bc3 Nac5 26.Bc2 Qb8 27.Ra3 Bd8 28.Qa1 Ra6 29.
Nd2 Bb6 30.b4 axb4 31.Bxb4 Rxa3 32.Qxa3 Nf6 33.Ba4 Qa7 34.Bc6 Qxa3 35.Bxa3
Nd3 36.Rf1 Rd8 37.g3 Kf8 38.Kg2 Bc5 39.Bxc5 Nxc5 40.Rb1 Ke7 41.Kf3 Rc8 42.
Ke3 h5 43.Rb5 h4 44.g4 Nh7 45.Nf3 Kf6 46.Nxh4 Ng5 47.Nf3 Rh8 48.Nd2 Rxh3+ 
49.Ke2 e4 50.Rb8 Ke5 51.Re8+ Kd4 52.Rd8 Nd3 53.Nf1 Rf3 0-1

[Event "26th Capablanca Memorial"]
[Site "Cienfuegos City CUB"]
[Date "1991.05.??"]
[Round "1"]
[White "Sariego Figueredo, Wilfredo"]
[Black "Borges Matos, Juan"]
[Result "0-1"]
[WhiteElo "2420"]
[BlackElo "2385"]
[EventDate "1991.05.09"]
[PlyCount "80"]

1.e4 d6 2.d4 Nf6 3.Nc3 g6 4.f4 Bg7 5.Nf3 c5 6.Bb5+ Nfd7 7.dxc5 dxc5 8.O-O 
O-O 9.e5 a6 10.Bd3 Nb6 11.Be3 Qc7 12.a4 Rd8 13.a5 Nc4 14.Qe2 Nxe3 15.Qxe3 
Bg4 16.Be4 e6 17.Nd2 Nc6 18.Bxc6 Qxc6 19.Nce4 Bf5 20.c3 Bxe4 21.Nxe4 Rd5 
22.Rfe1 Rad8 23.Qh3 c4 24.Qh4 Qc7 25.Kh1 Rxa5 26.Nd6 Rd5 27.Re3 b5 28.Rh3 
h6 29.Qg4 a5 30.Rf1 R8xd6 31.exd6 Qxd6 32.Qf3 Rd2 33.Qa8+ Kh7 34.f5 gxf5 
35.Rg3 a4 36.Qe8 Qd7 37.Qb8 Rxb2 38.h4 a3 39.Rxg7+ Kxg7 40.Rf3 Qd1+ 0-1

[Event "26th Capablanca Memorial"]
[Site "Cienfuegos City CUB"]
[Date "1991.05.??"]
[Round "1"]
[White "Neverov, Valeriy"]
[Black "Antunes, Antonio"]
[Result "1-0"]
[WhiteElo "2540"]
[BlackElo "2460"]
[EventDate "1991.05.09"]
[PlyCount "69"]

1.d4 d5 2.c4 e6 3.Nc3 c6 4.Nf3 dxc4 5.e3 b5 6.a4 Bb4 7.Bd2 a6 8.axb5 Bxc3 
9.Bxc3 cxb5 10.b3 Bb7 11.bxc4 b4 12.Bb2 Nf6 13.Bd3 Nbd7 14.Qc2 Qc7 15.O-O 
O-O 16.e4 e5 17.c5 Rfc8 18.Rfc1 h6 19.dxe5 Nh7 20.Nd4 Nxc5 21.Nb3 Ne6 22.
Qxc7 Rxc7 23.Rxc7 Nxc7 24.Na5 Rd8 25.Bc2 Rd2 26.Rc1 Ne6 27.Nxb7 Nf4 28.Kf1
b3 29.Bxb3 Rxb2 30.Nc5 a5 31.g3 Nh3 32.e6 Rxf2+ 33.Ke1 Kf8 34.Nd3 Rxh2 35.
Rc8+ 1-0

[Event "26th Capablanca Memorial"]
[Site "Cienfuegos City CUB"]
[Date "1991.05.??"]
[Round "2"]
[White "Murshed, Niaz"]
[Black "Nogueiras Santiago, Jesus"]
[Result "1-0"]
[WhiteElo "2510"]
[BlackElo "2535"]
[EventDate "1991.05.09"]
[PlyCount "63"]

1.d4 d6 2.e4 Nf6 3.Nc3 g6 4.h3 Bg7 5.Be3 O-O 6.Nf3 c6 7.a4 d5 8.e5 Ne4 9.
Bd3 Nxc3 10.bxc3 c5 11.Qd2 Nc6 12.h4 c4 13.Be2 f6 14.h5 fxe5 15.hxg6 hxg6 
16.Bh6 e4 17.Bxg7 Kxg7 18.Qh6+ Kf7 19.Ne5+ Nxe5 20.dxe5 Bf5 21.Qh7+ Ke8 
22.g4 Qa5 23.Rb1 Qxc3+ 24.Kf1 Bd7 25.Qxg6+ Kd8 26.Qg7 Re8 27.Rxb7 Bc6 28.
Rh8 Qa3 29.e6 Qd6 30.Rxe8+ Bxe8 31.Qg8 Kc8 32.Rd7 1-0

[Event "26th Capablanca Memorial"]
[Site "Cienfuegos City CUB"]
[Date "1991.05.??"]
[Round "2"]
[White "Antunes, Antonio"]
[Black "Rodriguez Cespedes, Amador"]
[Result "1/2-1/2"]
[WhiteElo "2470"]
[BlackElo "2530"]
[EventDate "1991.05.09"]
[PlyCount "21"]

1.e4 e5 2.Nf3 Nf6 3.Nxe5 d6 4.Nf3 Nxe4 5.Nc3 Nxc3 6.dxc3 Be7 7.Be3 Nd7 8.
Be2 O-O 9.Qd2 Ne5 10.h3 Nxf3+ 11.Bxf3 1/2-1/2

[Event "26th Capablanca Memorial"]
[Site "Cienfuegos City CUB"]
[Date "1991.05.??"]
[Round "2"]
[White "Hernandez, Gilberto"]
[Black "Sariego Figueredo, Wilfredo"]
[Result "1/2-1/2"]
[WhiteElo "2525"]
[BlackElo "2420"]
[EventDate "1991.05.09"]
[PlyCount "49"]

1.e4 e5 2.Nf3 Nc6 3.Bb5 Nf6 4.O-O Bc5 5.c3 O-O 6.d4 Bb6 7.dxe5 Nxe4 8.Qd5 
Nc5 9.Bg5 Ne7 10.Qd1 Ne4 11.Bh4 d5 12.c4 c6 13.Ba4 Bg4 14.cxd5 cxd5 15.Nc3
g5 16.Bg3 Nxg3 17.hxg3 h6 18.Qd3 Bf5 19.Qd2 d4 20.Nb5 Bd7 21.Qb4 Nc6 22.
Qd2 Bg4 23.Qd3 Bh5 24.Bb3 Kh8 25.Rad1 1/2-1/2

[Event "26th Capablanca Memorial"]
[Site "Cienfuegos City CUB"]
[Date "1991.05.??"]
[Round "2"]
[White "Borges Matos, Juan"]
[Black "Neverov, Valeriy"]
[Result "0-1"]
[WhiteElo "2385"]
[BlackElo "2540"]
[EventDate "1991.05.09"]
[PlyCount "162"]

1.d4 Nf6 2.c4 g6 3.Nc3 d5 4.Nf3 Bg7 5.e3 O-O 6.Bd2 c6 7.Qb3 e6 8.Bd3 Nbd7 
9.O-O b6 10.Rfc1 Bb7 11.c5 e5 12.Nxe5 Nxe5 13.dxe5 Nd7 14.cxb6 Nc5 15.Qc2 
axb6 16.Bf1 Bxe5 17.a4 Bc8 18.Be1 Bf5 19.Qd1 d4 20.exd4 Qxd4 21.Qxd4 Bxd4 
22.Bc4 Rfe8 23.h3 Bd3 24.Ba2 Ba6 25.Rc2 Nd3 26.Ne2 Bc5 27.Bc3 Nxf2 28.Nd4 
Ne4 29.Kh2 Bd3 30.Rcc1 Bd6+ 31.Kg1 c5 32.Nb5 Bf4 33.Rd1 Rad8 34.Be1 Be3+ 
35.Kh2 c4 36.Nc3 Nxc3 37.Bxc3 Bf4+ 38.Kh1 Bg3 39.b3 Rc8 40.b4 Re2 41.Bb1 
Bxb1 42.Raxb1 Be5 43.Bxe5 Rxe5 44.Rd4 Re2 45.Rc1 Ra2 46.a5 b5 47.Rd5 Rb8 
48.Rb1 Rb7 49.Kh2 Kg7 50.Kg3 Re7 51.Rxb5 Ree2 52.Rg1 Reb2 53.Rb6 Ra3+ 54.
Kh2 c3 55.a6 Raa2 56.Rc6 Rxb4 57.Rxc3 Rxa6 58.Rf1 Ra7 59.Rfc1 Rbb7 60.R1c2
h5 61.h4 Rd7 62.Rc4 Re7 63.R2c3 Kh6 64.Rc2 f5 65.R2c3 Ra6 66.Kg3 Ra2 67.
Rc2 Re3+ 68.Kf2 Raa3 69.Rf4 Re7 70.Rfc4 Rd7 71.R4c3 Ra1 72.Rc4 Rdd1 73.g3 
Rg1 74.Rc8 Raf1+ 75.Ke2 Re1+ 76.Kf3 Ref1+ 77.Ke2 Re1+ 78.Kf3 Rgf1+ 79.Rf2 
Rh1 80.Re2 Rhf1+ 81.Rf2 Rh1 0-1

[Event "26th Capablanca Memorial"]
[Site "Cienfuegos City CUB"]
[Date "1991.05.??"]
[Round "2"]
[White "Armas, Jorge"]
[Black "Romero Holmes, Alfonso"]
[Result "0-1"]
[WhiteElo "2395"]
[BlackElo "2485"]
[EventDate "1991.05.09"]
[PlyCount "72"]

1.Nf3 d6 2.d4 Bg4 3.Nbd2 Nf6 4.h3 Bh5 5.g4 Bg6 6.Bg2 c6 7.c3 h6 8.Qb3 Qc7 
9.Nh4 Bh7 10.Nf5 e6 11.Ng3 d5 12.e4 dxe4 13.Ndxe4 Nbd7 14.c4 Nxe4 15.Bxe4 
f5 16.Bc2 O-O-O 17.Bd2 c5 18.d5 exd5 19.Nxf5 Re8+ 20.Kf1 dxc4 21.Qa4 Bd6 
22.Rd1 Be5 23.Bc3 a6 24.Bxe5 Rxe5 25.Nd6+ Kb8 26.Bxh7 Rxh7 27.Qxc4 Nf6 28.
Rg1 g5 29.Nf5 Rd7 30.Rxd7 Qxd7 31.Kg2 h5 32.Ne3 Qc6+ 33.Kf1 Rxe3 34.fxe3 
Qf3+ 35.Ke1 Qxe3+ 36.Kf1 Ne4 0-1

[Event "26th Capablanca Memorial"]
[Site "Cienfuegos City CUB"]
[Date "1991.05.??"]
[Round "3"]
[White "Neverov, Valeriy"]
[Black "Hernandez, Gilberto"]
[Result "1-0"]
[WhiteElo "2505"]
[BlackElo "2525"]
[EventDate "1991.05.09"]
[PlyCount "113"]

1.d4 Nf6 2.c4 c5 3.d5 g6 4.Nc3 Bg7 5.e4 d6 6.Nf3 O-O 7.Be2 Na6 8.O-O e6 9.
dxe6 Bxe6 10.Bf4 Qb6 11.Rb1 Rad8 12.Nd2 Rfe8 13.Re1 h6 14.a3 Nb8 15.b4 a6 
16.bxc5 Qxc5 17.Rxb7 Qxa3 18.Nb3 Qb2 19.Na4 Qa3 20.Nc3 Qb2 21.Qd3 Nfd7 22.
Nd5 Ne5 23.Qd2 Qxd2 24.Bxd2 Nbc6 25.f4 Nd7 26.Nc7 Rb8 27.Nxe8 Rxb7 28.Nxg7
Rxb3 29.Ne8 Nd4 30.Bf1 Nc2 31.Rc1 Ne3 32.Bxe3 Rxe3 33.Nxd6 Nc5 34.Kf2 Rb3 
35.Ra1 Rb6 36.e5 f6 37.Ke3 g5 38.g3 fxe5 39.fxe5 Rb2 40.Ra5 Nd7 41.Be2 Kf8
42.g4 Rb3+ 43.Kd4 Rb2 44.Bd3 Nb8 45.Rc5 Bxg4 46.Bf5 Bxf5 47.Nxf5 Kf7 48.
Rc7+ Kg6 49.Ne7+ Kf7 50.Nc6+ Kg6 51.Nxb8 Rxb8 52.Rc6+ Kg7 53.Rxa6 Rb2 54.
h3 Rb3 55.c5 Rxh3 56.c6 Rh1 57.Ra3 1-0

[Event "26th Capablanca Memorial"]
[Site "Cienfuegos City CUB"]
[Date "1991.05.??"]
[Round "3"]
[White "Sariego Figueredo, Wilfredo"]
[Black "Arencibia Rodriguez, Walter"]
[Result "0-1"]
[WhiteElo "2435"]
[BlackElo "2530"]
[EventDate "1991.05.09"]
[PlyCount "70"]

1.e4 e6 2.d4 d5 3.Nc3 Nc6 4.Nf3 Nf6 5.e5 Ne4 6.Ne2 h5 7.h4 Ne7 8.b4 a5 9.
b5 Nf5 10.Qd3 c5 11.c3 a4 12.g3 Qa5 13.Bh3 Nxd4 14.Nexd4 cxd4 15.Nxd4 
Qxc3+ 16.Qxc3 Nxc3 17.f3 Bd7 18.Bf1 Rc8 19.Bd2 Ba3 20.Kf2 Bb2 21.Bxc3 Bxc3
22.Rd1 Bxd4+ 23.Rxd4 Rc2+ 24.Ke3 Rxa2 25.Bd3 Ke7 26.g4 hxg4 27.fxg4 f6 28.
exf6+ gxf6 29.h5 Kd6 30.Rf4 Rh6 31.Rhf1 Ra3 32.Rb4 e5 33.Kd2 e4 34.Be2 
Ra2+ 35.Ke3 Ke5 0-1

[Event "26th Capablanca Memorial"]
[Site "Cienfuegos City CUB"]
[Date "1991.05.??"]
[Round "3"]
[White "Rodriguez Cespedes, Amador"]
[Black "Borges Matos, Juan"]
[Result "1-0"]
[WhiteElo "2500"]
[BlackElo "2385"]
[EventDate "1991.05.09"]
[PlyCount "73"]

1.e4 c5 2.Nf3 e6 3.d4 cxd4 4.Nxd4 Nf6 5.Nc3 d6 6.Be2 Be7 7.f4 Nc6 8.Be3 
O-O 9.O-O Bd7 10.Nb3 a6 11.a4 Nb4 12.Bf3 Rc8 13.a5 Bc6 14.Nd4 d5 15.e5 Nd7
16.Nce2 Bb5 17.c3 Bxe2 18.Bxe2 Nc6 19.b4 Nxd4 20.Bxd4 f6 21.Qd3 fxe5 22.
fxe5 Bg5 23.Qh3 Qe7 24.Bg4 Rxf1+ 25.Rxf1 Rc6 26.Qh5 Bd2 27.Rf3 g6 28.Qh3 
Bg5 29.Qg3 Bh6 30.h4 Bg7 31.h5 g5 32.h6 Bxh6 33.Rf6 Nxf6 34.exf6 Qf7 35.
Qh3 e5 36.Qxh6 Qg6 37.Bh5 1-0

[Event "26th Capablanca Memorial"]
[Site "Cienfuegos City CUB"]
[Date "1991.05.??"]
[Round "3"]
[White "Soppe, Guillermo"]
[Black "Antunes, Antonio"]
[Result "1/2-1/2"]
[WhiteElo "2425"]
[BlackElo "2460"]
[EventDate "1991.05.09"]
[PlyCount "47"]

1.d4 d5 2.Nf3 Nf6 3.e3 Bf5 4.c4 e6 5.Qb3 Qc8 6.cxd5 exd5 7.Nc3 c6 8.Bd2 
Nbd7 9.Rc1 Be7 10.Be2 O-O 11.O-O Re8 12.Na4 Bd6 13.Nc5 Nxc5 14.dxc5 Bc7 
15.Nd4 Bg6 16.Qd1 a5 17.f4 Be4 18.a4 Nd7 19.Qe1 Qd8 20.Qg3 Qe7 21.Nb3 Bg6 
22.Qh3 f6 23.Bg4 Nf8 24.Nd4 1/2-1/2

[Event "26th Capablanca Memorial"]
[Site "Cienfuegos City CUB"]
[Date "1991.05.??"]
[Round "4"]
[White "Borges Matos, Juan"]
[Black "Soppe, Guillermo"]
[Result "1-0"]
[WhiteElo "2385"]
[BlackElo "2425"]
[EventDate "1991.05.09"]
[PlyCount "67"]

1.d4 Nf6 2.c4 e6 3.Nf3 b6 4.g3 Bb7 5.Bg2 Bb4+ 6.Bd2 Bxd2+ 7.Qxd2 O-O 8.O-O
d6 9.Nc3 Qe7 10.d5 e5 11.e4 a5 12.Ne1 Nbd7 13.Nd3 c6 14.Rae1 Nc5 15.Nxc5 
bxc5 16.f4 Ra6 17.b3 Nd7 18.Bh3 exf4 19.gxf4 cxd5 20.cxd5 Rb6 21.Re3 Rb4 
22.Qg2 Nf6 23.Qf3 Kh8 24.e5 dxe5 25.fxe5 Nxd5 26.Nxd5 Qg5+ 27.Qg2 Qxe3+ 
28.Nxe3 Bxg2 29.Bxg2 Rbb8 30.Bd5 Rbe8 31.Nc4 f5 32.e6 g5 33.Nd6 Re7 34.
Nxf5 1-0

[Event "26th Capablanca Memorial"]
[Site "Cienfuegos City CUB"]
[Date "1991.05.??"]
[Round "4"]
[White "Sariego Figueredo, Wilfredo"]
[Black "Neverov, Valeriy"]
[Result "1/2-1/2"]
[WhiteElo "2420"]
[BlackElo "2540"]
[EventDate "1991.05.09"]
[PlyCount "74"]

1.e4 c5 2.c3 e6 3.Nf3 d5 4.exd5 exd5 5.Bb5+ Bd7 6.Qe2+ Qe7 7.O-O Qxe2 8.
Bxe2 Nc6 9.d4 Nf6 10.Bf4 cxd4 11.Nxd4 Bc5 12.Nb3 Bb6 13.a4 a6 14.a5 Ba7 
15.N1d2 O-O 16.Bd6 Rfe8 17.Bf3 Ne5 18.Nc5 Bb5 19.Rfe1 Nxf3+ 20.Nxf3 Ne4 
21.Nxe4 dxe4 22.Nd4 Bxd4 23.cxd4 Rad8 24.Bc5 f5 25.Bb6 Rd5 26.Rac1 f4 27.
Bc7 g5 28.Be5 Bc6 29.Rxe4 Rxa5 30.Rce1 Kf7 31.f3 Kg6 32.Kf2 Rb5 33.R1e2 
Kf5 34.Rc2 h5 35.Rce2 Rd8 36.h3 Rbd5 37.Kg1 R8d7 1/2-1/2

[Event "26th Capablanca Memorial"]
[Site "Cienfuegos City CUB"]
[Date "1991.05.??"]
[Round "4"]
[White "Antunes, Antonio"]
[Black "Nogueiras Santiago, Jesus"]
[Result "1/2-1/2"]
[WhiteElo "2460"]
[BlackElo "2535"]
[EventDate "1991.05.09"]
[PlyCount "55"]

1.Nf3 g6 2.c4 Bg7 3.Nc3 d6 4.g3 f5 5.Bg2 Nf6 6.O-O O-O 7.d3 Nc6 8.Rb1 a5 
9.a3 e5 10.b4 axb4 11.axb4 h6 12.Nd5 Nxd5 13.cxd5 Ne7 14.Qb3 Bd7 15.b5 b6 
16.Qc4 g5 17.Bb2 Ng6 18.Ra1 Rc8 19.Ra7 Rf7 20.Rc1 Be8 21.Rb7 Rb8 22.Rxb8 
Qxb8 23.Ne1 Qd8 24.Nc2 Qd7 25.Qc6 Qc8 26.Qc4 Qd7 27.Qc6 Qc8 28.Qc4 1/2-1/2

[Event "26th Capablanca Memorial"]
[Site "Cienfuegos City CUB"]
[Date "1991.05.??"]
[Round "4"]
[White "Arencibia Rodriguez, Walter"]
[Black "Armas, Jorge"]
[Result "1-0"]
[WhiteElo "2560"]
[BlackElo "2395"]
[EventDate "1991.05.09"]
[PlyCount "62"]

1.e4 c5 2.Nf3 Nc6 3.d4 cxd4 4.Nxd4 Nf6 5.Nc3 d6 6.Bc4 Bd7 7.f4 Qb6 8.Nb3 
g6 9.h3 Bg7 10.Qe2 Nh5 11.Be3 Qc7 12.Kf2 Bxc3 13.bxc3 e5 14.f5 Nf4 15.Qf3 
gxf5 16.exf5 Ne7 17.Bxf7+ Kxf7 18.Bxf4 exf4 19.Qh5+ Ng6 20.Rhe1 Rae8 21.
Rxe8 Bxe8 22.fxg6+ Kg7 23.Re1 hxg6 24.Qg5 Rh5 25.Re7+ Bf7 26.Qxg6+ Kxg6 
27.Rxc7 Rg5 28.c4 b5 29.Rc6 bxc4 30.Rxd6+ Kh5 31.Nd4 Bd5 1-0

[Event "26th Capablanca Memorial"]
[Site "Cienfuegos City CUB"]
[Date "1991.05.??"]
[Round "5"]
[White "Rodriguez Cespedes, Amador"]
[Black "Sariego Figueredo, Wilfredo"]
[Result "1-0"]
[WhiteElo "2500"]
[BlackElo "2420"]
[EventDate "1991.05.09"]
[PlyCount "82"]

1.e4 e5 2.Nf3 Nc6 3.Bb5 Nf6 4.O-O Bc5 5.Nxe5 Nxe5 6.d4 a6 7.Be2 Ba7 8.dxe5
Nxe4 9.Qd5 Qh4 10.g3 Nxg3 11.hxg3 Qxg3+ 12.Qg2 Qxe5 13.Nc3 O-O 14.Bd2 c6 
15.Rae1 d5 16.Bxa6 Qh5 17.Be2 Qf5 18.Bd3 Qh5 19.Qg3 Bb8 20.f4 Bh3 21.Rf2 
Ba7 22.Be3 Rfe8 23.Rh2 Rxe3 24.Rxe3 Bxe3+ 25.Qxe3 Qg4+ 26.Kh1 d4 27.Qxh3 
Qxh3 28.Rxh3 dxc3 29.Bxh7+ Kf8 30.bxc3 g6 31.Bxg6 Ra4 32.Bd3 Rxf4 33.Rh8+ 
Ke7 34.Rb8 b5 35.c4 bxc4 36.Rb4 Kd6 37.Rxc4 Rf2 38.Kg1 Rd2 39.Rf4 c5 40.
Rxf7 c4 41.Bxc4 Rxc2 1-0

[Event "26th Capablanca Memorial"]
[Site "Cienfuegos City CUB"]
[Date "1991.05.??"]
[Round "5"]
[White "Armas, Jorge"]
[Black "Murshed, Niaz"]
[Result "1-0"]
[WhiteElo "2395"]
[BlackElo "2510"]
[EventDate "1991.05.09"]
[PlyCount "57"]

1.Nf3 Nf6 2.c4 c6 3.b3 d5 4.Bb2 Bf5 5.g3 e6 6.Bg2 Nbd7 7.O-O a5 8.Nc3 Be7 
9.cxd5 exd5 10.d3 O-O 11.Nh4 Be6 12.e4 dxe4 13.dxe4 Ne5 14.Qe2 Re8 15.Rad1
Qc7 16.h3 Bc5 17.Kh2 Neg4+ 18.hxg4 Nxg4+ 19.Kg1 Qxg3 20.Nf3 Rad8 21.Rxd8 
Rxd8 22.Nd1 Nxf2 23.Nxf2 Bh3 24.Ne1 Bg4 25.Qc2 Be3 26.Bc1 Bb6 27.Bg5 Bc5 
28.Qxc5 Re8 29.Qxa5 1-0

[Event "26th Capablanca Memorial"]
[Site "Cienfuegos City CUB"]
[Date "1991.05.??"]
[Round "5"]
[White "Soppe, Guillermo"]
[Black "Hernandez, Gilberto"]
[Result "1-0"]
[WhiteElo "2425"]
[BlackElo "2525"]
[EventDate "1991.05.09"]
[PlyCount "73"]

1.d4 Nf6 2.Nf3 g6 3.Bg5 Bg7 4.Nbd2 d5 5.e3 O-O 6.Be2 Nbd7 7.O-O Re8 8.c4 
c5 9.cxd5 Nxd5 10.Qb3 N5b6 11.Rac1 cxd4 12.Nxd4 h6 13.Bh4 Nf6 14.Nc4 e5 
15.Nf3 Nxc4 16.Bxc4 Qe7 17.Nxe5 Qxe5 18.Bxf7+ Kh8 19.Bxe8 Nxe8 20.Rfd1 g5 
21.Bg3 Qe7 22.Qb5 Kg8 23.b3 a6 24.Qb6 Be6 25.e4 a5 26.e5 Ra6 27.Qb5 h5 28.
h4 gxh4 29.Bxh4 Qxh4 30.Qxe8+ Kh7 31.Rc7 Bh3 32.Rd8 Kh6 33.Rd6+ Rxd6 34.
exd6 Qg4 35.Qe3+ Kg6 36.Rxg7+ Kxg7 37.Qxh3 1-0

[Event "26th Capablanca Memorial"]
[Site "Cienfuegos City CUB"]
[Date "1991.05.??"]
[Round "5"]
[White "Neverov, Valeriy"]
[Black "Arencibia Rodriguez, Walter"]
[Result "1/2-1/2"]
[WhiteElo "2540"]
[BlackElo "2530"]
[EventDate "1991.05.09"]
[PlyCount "143"]

1.d4 d5 2.c4 e6 3.Nc3 c5 4.cxd5 exd5 5.Nf3 Nc6 6.g3 c4 7.Bg2 Bb4 8.O-O 
Nge7 9.Ne5 O-O 10.Bg5 Qa5 11.Nxc6 bxc6 12.Bd2 Nf5 13.a3 Bxc3 14.Bxc3 Qb6 
15.e4 dxe4 16.Bxe4 Nd6 17.Bg2 Nb5 18.Bb4 Rd8 19.Bc5 Qa6 20.a4 Nc7 21.Qc2 
Ne6 22.Rfd1 Nxc5 23.dxc5 Be6 24.Rxd8+ Rxd8 25.Rd1 Qa5 26.Bxc6 Rc8 27.Bb5 
a6 28.Bxc4 Qxc5 29.b3 Bxc4 30.Qxc4 Qxc4 31.bxc4 Kf8 32.Rd6 Rxc4 33.Rxa6 
Rc1+ 34.Kg2 Ra1 35.g4 g5 36.Kf3 Kg7 37.Ra5 h6 38.Ke4 Ra2 39.Ke3 Ra3+ 40.
Kd4 Ra2 41.Ke3 Ra3+ 42.Ke4 Ra2 43.Kf3 Ra3+ 44.Kg2 Ra2 45.Ra6 Ra3 46.a5 Kh7
47.Ra8 Kg7 48.a6 Ra4 49.h3 Ra2 50.Kf3 Ra3+ 51.Ke4 Rxh3 52.f3 Rh1 53.Rb8 
Ra1 54.Rb6 Ra3 55.Rc6 Kh7 56.Rf6 Kg7 57.Rd6 Kh7 58.Rf6 Kg7 59.Rd6 Kh7 60.
Rc6 Kg7 61.Rb6 Kh7 62.Kd5 Rxf3 63.Kc6 f5 64.gxf5 Rxf5 65.a7 Ra5 66.Kb7 
Rxa7+ 67.Kxa7 g4 68.Kb7 h5 69.Kc6 Kg6 70.Kd5+ Kf5 71.Kd4 Kf4 72.Rf6+ 
1/2-1/2

[Event "26th Capablanca Memorial"]
[Site "Cienfuegos City CUB"]
[Date "1991.05.??"]
[Round "5"]
[White "Romero Holmes, Alfonso"]
[Black "Antunes, Antonio"]
[Result "1-0"]
[WhiteElo "2485"]
[BlackElo "2460"]
[EventDate "1991.05.09"]
[PlyCount "63"]

1.d4 d5 2.c4 e6 3.Nf3 Nf6 4.g3 dxc4 5.Bg2 a6 6.O-O b5 7.Ne5 Nd5 8.a4 Bb7 
9.axb5 axb5 10.Rxa8 Bxa8 11.e4 Nf6 12.Nc3 c6 13.d5 Bd6 14.Ng4 b4 15.Nxf6+ 
gxf6 16.Qa4 Bb7 17.e5 bxc3 18.exd6 Qxd6 19.dxe6 fxe6 20.bxc3 Kf7 21.Rd1 
Qe7 22.Qxc4 Rd8 23.Re1 Nd7 24.Be3 Ne5 25.Qh4 Kg7 26.Bh6+ Kh8 27.Rxe5 Rd1+ 
28.Bf1 Ba6 29.Ra5 Bxf1 30.Ra8+ Rd8 31.Qb4 Qd7 32.Qf8+ 1-0

[Event "26th Capablanca Memorial"]
[Site "Cienfuegos City CUB"]
[Date "1991.05.??"]
[Round "5"]
[White "Nogueiras Santiago, Jesus"]
[Black "Borges Matos, Juan"]
[Result "1-0"]
[WhiteElo "2535"]
[BlackElo "2385"]
[EventDate "1991.05.09"]
[PlyCount "45"]

1.c4 f5 2.Nf3 Nf6 3.g3 e6 4.Bg2 d5 5.cxd5 exd5 6.Nc3 c6 7.e3 Bd6 8.O-O O-O
9.b3 Nbd7 10.Bb2 Qe7 11.Ne2 a5 12.a3 Nc5 13.d3 Ng4 14.Qc2 Nxe3 15.fxe3 
Qxe3+ 16.Kh1 Qxd3 17.Qxd3 Nxd3 18.Bd4 Bd7 19.Rad1 Rae8 20.Nc3 Nc5 21.Nxd5 
Ne4 22.Nf4 c5 23.Be5 1-0

[Event "26th Capablanca Memorial"]
[Site "Cienfuegos City CUB"]
[Date "1991.05.??"]
[Round "6"]
[White "Arencibia Rodriguez, Walter"]
[Black "Murshed, Niaz"]
[Result "1/2-1/2"]
[WhiteElo "2560"]
[BlackElo "2510"]
[EventDate "1991.05.09"]
[PlyCount "59"]

1.e4 e5 2.Nf3 Nc6 3.Bb5 a6 4.Ba4 Nf6 5.O-O Be7 6.Re1 b5 7.Bb3 O-O 8.a4 Bb7
9.d3 d6 10.c3 Na5 11.Bc2 c5 12.d4 cxd4 13.cxd4 b4 14.Nbd2 Qb6 15.b3 Nd7 
16.Nf1 Rac8 17.Bb2 exd4 18.Bxd4 Qc7 19.Rc1 Ne5 20.Ne3 Bf6 21.Nd5 Bxd5 22.
exd5 Nxf3+ 23.Qxf3 Qd8 24.Qe4 g6 25.Bxf6 Qxf6 26.Qxb4 Qc3 27.Qb6 Rfe8 28.
Rf1 Qc7 29.Qb4 Qc3 30.Qb6 1/2-1/2

[Event "26th Capablanca Memorial"]
[Site "Cienfuegos City CUB"]
[Date "1991.05.??"]
[Round "6"]
[White "Borges Matos, Juan"]
[Black "Romero Holmes, Alfonso"]
[Result "1-0"]
[WhiteElo "2385"]
[BlackElo "2485"]
[EventDate "1991.05.09"]
[PlyCount "111"]

1.d4 Nf6 2.c4 g6 3.Nc3 Bg7 4.Nf3 d6 5.h3 O-O 6.Bf4 Nc6 7.e3 Re8 8.Be2 Bf5 
9.d5 e5 10.Bg5 Ne7 11.g4 Bd7 12.e4 c6 13.dxc6 Bxc6 14.Qd3 h6 15.Be3 a6 16.
g5 hxg5 17.Nxg5 b5 18.Rd1 Qa5 19.Qxd6 b4 20.Nd5 Bxd5 21.cxd5 b3+ 22.Bd2 
Qxa2 23.Bc3 Qa4 24.f3 Nf5 25.Qc7 Re7 26.Qc5 Rd7 27.Qc6 Qxc6 28.dxc6 Rxd1+ 
29.Bxd1 Nd6 30.Bxb3 Rc8 31.Bxe5 Nfxe4 32.fxe4 Bxe5 33.Bd5 Bxb2 34.Rf1 Kh8 
35.Nxf7+ Nxf7 36.Rxf7 Be5 37.Ke2 Bd4 38.Kd3 Bb6 39.Rb7 Ba5 40.Ra7 Rc7 41.
Rxa6 Bb4 42.e5 Kg7 43.Kc4 Be1 44.Be6 Kf8 45.Kc5 Ke7 46.Kb6 Rxc6+ 47.Kxc6 
Kxe6 48.Kc5+ Kxe5 49.Rxg6 Kf5 50.Rg4 Kf6 51.Kd4 Kf5 52.Ke3 Bc3 53.Kf3 Bf6 
54.h4 Be7 55.h5 Bg5 56.Rg2 1-0

[Event "26th Capablanca Memorial"]
[Site "Cienfuegos City CUB"]
[Date "1991.05.??"]
[Round "6"]
[White "Hernandez, Gilberto"]
[Black "Nogueiras Santiago, Jesus"]
[Result "1/2-1/2"]
[WhiteElo "2525"]
[BlackElo "2535"]
[EventDate "1991.05.09"]
[PlyCount "43"]

1.e4 d6 2.d4 Nf6 3.Nc3 g6 4.g3 Bg7 5.Bg2 O-O 6.Nge2 e5 7.h3 c6 8.a4 exd4 
9.Nxd4 Na6 10.O-O Re8 11.a5 Nb4 12.Re1 d5 13.e5 Ne4 14.Nxe4 dxe4 15.c3 Nd3
16.Rxe4 Nxc1 17.Qxc1 Rxe5 18.Rxe5 Bxe5 19.Qe3 Bxd4 20.Qxd4 Qxd4 21.cxd4 
Bd7 22.h4 1/2-1/2

[Event "26th Capablanca Memorial"]
[Site "Cienfuegos City CUB"]
[Date "1991.05.??"]
[Round "6"]
[White "Zapata Ramirez, Alonso"]
[Black "Armas, Jorge"]
[Result "1-0"]
[WhiteElo "2510"]
[BlackElo "2395"]
[EventDate "1991.05.09"]
[PlyCount "77"]

1.e4 e5 2.Nf3 Nc6 3.Bb5 Nf6 4.d4 exd4 5.O-O a6 6.Ba4 Be7 7.Re1 b5 8.e5 Nd5
9.Bb3 Nb6 10.c3 O-O 11.cxd4 d6 12.Nc3 dxe5 13.dxe5 Qxd1 14.Rxd1 Bg4 15.Bf4
Na5 16.Nd5 Nxd5 17.Bxd5 c6 18.Be4 Rac8 19.h3 Bxf3 20.Bxf3 g5 21.Rd7 Rfe8 
22.Bc1 Bf8 23.Bxg5 Nc4 24.e6 Rxe6 25.Ra7 Rg6 26.Bf4 Bd6 27.Bxd6 Rxd6 28.
Bh5 Nxb2 29.Bxf7+ Kh8 30.Re1 Rd1 31.Rxd1 Nxd1 32.Rxa6 Nc3 33.Ra7 c5 34.Bb3
Ne2+ 35.Kf1 Nd4 36.Rd7 h6 37.f3 Nf5 38.Kf2 Ra8 39.Rd5 1-0

[Event "26th Capablanca Memorial"]
[Site "Cienfuegos City CUB"]
[Date "1991.05.??"]
[Round "7"]
[White "Murshed, Niaz"]
[Black "Zapata Ramirez, Alonso"]
[Result "0-1"]
[WhiteElo "2510"]
[BlackElo "2510"]
[EventDate "1991.05.09"]
[PlyCount "46"]

1.d4 Nf6 2.Nf3 g6 3.Nc3 d5 4.Bf4 Bg7 5.Qd2 Ne4 6.Nxe4 dxe4 7.Ne5 Be6 8.e3 
O-O 9.h4 c5 10.h5 f6 11.Nc4 g5 12.h6 Bh8 13.Bg3 Qc8 14.Qc3 cxd4 15.exd4 
Rd8 16.O-O-O Nc6 17.Na5 f5 18.Rh5 Nxd4 19.Rxg5+ Kf7 20.Qxc8 Raxc8 21.c3 
Bf6 22.Rh5 Kg6 23.Kb1 Kxh5 0-1

[Event "26th Capablanca Memorial"]
[Site "Cienfuegos City CUB"]
[Date "1991.05.??"]
[Round "7"]
[White "Rodriguez Cespedes, Amador"]
[Black "Arencibia Rodriguez, Walter"]
[Result "0-1"]
[WhiteElo "2500"]
[BlackElo "2560"]
[EventDate "1991.05.09"]
[PlyCount "101"]

1.e4 e5 2.Nf3 Nc6 3.Bb5 a6 4.Ba4 Nf6 5.O-O Be7 6.Re1 b5 7.Bb3 O-O 8.c3 d5 
9.exd5 e4 10.dxc6 exf3 11.d4 Re8 12.Bg5 Bg4 13.Bxf6 Bxf6 14.Rxe8+ Qxe8 15.
Nd2 Qxc6 16.Nxf3 Re8 17.a4 g6 18.axb5 axb5 19.Qd3 Bxf3 20.gxf3 Qd7 21.Qd2 
Qf5 22.Kg2 Bg5 23.Qc2 Qd7 24.Rh1 Qe7 25.Qe4 Qxe4 26.fxe4 Rxe4 27.Kf3 Rf4+ 
28.Kg3 Rf5 29.h3 b4 30.Rd1 Kg7 31.Bc2 Bf4+ 32.Kg2 Ra5 33.Bb3 bxc3 34.bxc3 
Ra3 35.Rb1 Bd2 36.c4 Bc3 37.d5 Bd4 38.f3 Bc5 39.Kg3 Kf6 40.Kf4 h6 41.Kg3 
Bd6+ 42.Kg2 Kg5 43.Rb2 Kf4 44.Bd1 Bc5 45.Be2 Re3 46.Ra2 Re5 47.Kh2 Bd6 48.
Kg2 Rg5+ 49.Kf2 Bc5+ 50.Ke1 Ke3 51.Kf1 0-1